Sports Quiz

Random Sports or NFL Quiz

NFL Super Bowl Title Droughts Quiz Stats

 Plays Quiz Updated Feb 4, 2019

Score 0/15 Timer 02:00
1 Play Today
Seasons Team % Correct
50Cleveland Browns
85.5%
53Detroit Lions
78.8%
50New York Jets
77.4%
53Minnesota Vikings
73.3%
35Oakland Raiders
72.2%
53Buffalo Bills
71.5%
33Chicago Bears
71.4%
53Tennessee Titans
70.3%
Seasons Team % Correct
51Cincinnati Bengals
69.1%
53Los Angeles Chargers
67.2%
53Arizona Cardinals
66.8%
49Kansas City Chiefs
66.3%
45Miami Dolphins
66.1%
27Washington Redskins
66%
53Atlanta Falcons
58.1%

You're not logged in!

Compare scores with friends on all Sporcle quizzes.
OR
Log In

Sporcle TV

Today on Sporcle TV


Watch our educational content, quiz creation guides, and fun videos on Sporcle TV.

Show Comments

Extras

Top Quizzes Today


Score Distribution

Your Account Isn't Verified!

In order to create a playlist on Sporcle, you need to verify the email address you used during registration. Go to your Sporcle Settings to finish the process.

Report this User

Report this user for behavior that violates our Community Guidelines.

Details: